[Event "Olympiad-45"]
[Site "Budapest"]
[Date "2024.09.20"]
[Round "9.1"]
[White "Tan, Jun Ying"]
[Black "Than, Min Hlaing"]
[Result "1-0"]
[WhiteElo "2322"]
[BlackElo "2121"]
[PlyCount "111"]
[EventDate "2024.09.11"]
[EventType "team-swiss"]
[EventRounds "11"]
[EventCountry "HUN"]
[SourceTitle "EXT 2025"]
[Source "ChessBase"]
[SourceDate "2024.10.14"]
[SourceVersion "1"]
[SourceVersionDate "2024.10.14"]
[SourceQuality "1"]
[WhiteTeam "Malaysia"]
[BlackTeam "Myanmar"]
[WhiteTeamCountry "MAS"]
[BlackTeamCountry "MYA"]

1. d4 d5 2. c4 c6 3. Nf3 Nf6 4. e3 g6 5. Nc3 Bg7 6. Be2 0-0 7. 0-0 Bf5 8. cxd5 cxd5 9. Qb3 Nc6 10. Qxb7 Na5 11. Qb5 Bc2 12. Bd1 Rb8 13. Qe2 Bf5 14. b3 Qd6 15. Bb2 Rfc8 16. Ne5 Nc6 17. Na4 Ne4 18. Nxc6 Rxc6 19. f3 Nf6 20. a3 g5 21. e4 dxe4 22. fxe4 Bg4 23. Qd3 Bxd1 24. Raxd1 Ng4 25. e5 Qd5 26. Rf3 h5 27. Bc1 Rg6 28. Rdf1 Nh6 29. Nc3 Qe6 30. Ne4 g4 31. Re3 Kh8 32. Nf6 exf6 33. exf6 Qd5 34. fxg7+ Kxg7 35. b4 Rd8 36. Bb2 h4 37. Qe4 h3 38. Qxd5 Rxd5 39. Re5 Rgd6 40. Rxd5 Rxd5 41. gxh3 gxh3 42. Rf3 Rg5+ 43. Rg3 Rxg3+ 44. hxg3 Ng4 45. d5+ Kf8 46. Bd4 Ke7 47. Bxa7 Kd6 48. b5 Kxd5 49. a4 Nf6 50. a5 Kd6 51. a6 Nd5 52. b6 Nb4 53. b7 Nxa6 54. b8Q+ Nxb8 55. Bxb8+ Ke6 56. Kh2 1-0

[Event "Olympiad-45"]
[Site "Budapest"]
[Date "2024.09.13"]
[Round "3.70"]
[White "Ferster, Fabian"]
[Black "Than, Min Hlaing"]
[Result "1-0"]
[WhiteElo "2184"]
[BlackElo "2121"]
[PlyCount "43"]
[EventDate "2024.09.11"]
[EventType "team-swiss"]
[EventRounds "11"]
[EventCountry "HUN"]
[SourceTitle "EXT 2025"]
[Source "ChessBase"]
[SourceDate "2024.10.14"]
[SourceVersion "1"]
[SourceVersionDate "2024.10.14"]
[SourceQuality "1"]
[WhiteTeam "Liechtenstein"]
[BlackTeam "Myanmar"]
[WhiteTeamCountry "LIE"]
[BlackTeamCountry "MYA"]

1. e4 c5 2. Nc3 Nc6 3. Nge2 e5 4. Ng3 g6 5. Bc4 h5 6. d3 h4 7. Nf1 h3 8. g3 d6 9. Nd5 Bg7 10. c3 Nh6 11. Bxh6 Rxh6 12. Nfe3 Be6 13. 0-0 Qd7 14. a3 0-0-0 15. b4 f5 16. Qa4 f4 17. b5 fxe3 18. bxc6 e2 19. cxd7+ Bxd7 20. Qa5 exf1Q+ 21. Rxf1 Kb8 22. Qxd8+ 1-0

[Event "MYA-ch 42nd"]
[Site "Yangon"]
[Date "2016.06.29"]
[Round "?"]
[White "Wint, Thu"]
[Black "Than, Min Hlaing"]
[Result "1/2-1/2"]
[WhiteElo "2191"]
[BlackElo "2115"]
[PlyCount "83"]
[EventDate "2016.06.20"]
[EventType "tourn"]
[EventRounds "15"]
[EventCountry "MYA"]
[SourceTitle "EXT 2018"]
[Source "ChessBase"]
[SourceDate "2017.10.13"]
[SourceVersion "1"]
[SourceVersionDate "2017.10.13"]
[SourceQuality "1"]

1. e4 c5 2. Nf3 d6 3. d4 cxd4 4. Nxd4 Nf6 5. Nc3 a6 6. a4 e5 7. Nf3 Be7 8. Be2 0-0 9. 0-0 Qc7 10. Be3 Be6 11. a5 Nbd7 12. Nd2 d5 13. exd5 Nxd5 14. Nxd5 Bxd5 15. Bf3 Be6 16. Ne4 h6 17. Nc3 Nf6 18. Bb6 Qb8 19. Re1 Re8 20. Nd5 Nxd5 21. Bxd5 Bd8 22. Bc5 Bc7 23. c4 Rd8 24. Qf3 Bxd5 25. cxd5 Bxa5 26. Rxa5 b6 27. Bxb6 Qxb6 28. Qa3 f6 29. g3 Rd6 30. Rc1 Rad8 31. Rcc5 Kh8 32. b4 Qb7 33. Qb3 Qd7 34. Qc4 Qf5 35. Rxa6 Rxa6 36. Qxa6 Qb1+ 37. Kg2 Qe4+ 38. Kg1 Qxb4 39. Qc6 Qb1+ 40. Kg2 Qe4+ 41. Kg1 Qe1+ 42. Kg2 1/2-1/2

[Event "MYA-ch 42nd"]
[Site "Yangon"]
[Date "2016.06.28"]
[Round "?"]
[White "Nay, Oo Kyaw Tun"]
[Black "Than, Min Hlaing"]
[Result "1/2-1/2"]
[WhiteElo "2303"]
[BlackElo "2115"]
[PlyCount "144"]
[EventDate "2016.06.20"]
[EventType "tourn"]
[EventRounds "15"]
[EventCountry "MYA"]
[SourceTitle "EXT 2018"]
[Source "ChessBase"]
[SourceDate "2017.10.13"]
[SourceVersion "1"]
[SourceVersionDate "2017.10.13"]
[SourceQuality "1"]

1. e4 c5 2. c3 Nf6 3. e5 Nd5 4. Nf3 Nc6 5. d4 cxd4 6. cxd4 d6 7. Bc4 dxe5 8. dxe5 Be6 9. 0-0 Qd7 10. Qe2 Rd8 11. Ng5 g6 12. Nxe6 fxe6 13. Nc3 Bg7 14. f4 0-0 15. Be3 Nxe3 16. Qxe3 Na5 17. Be2 Qd4 18. Qxd4 Rxd4 19. g3 Rd2 20. Bg4 Rxb2 21. Bxe6+ Kh8 22. Ne4 Nc6 23. Rab1 Rxb1 24. Rxb1 b6 25. Bd7 Nb8 26. Ba4 h6 27. h4 Na6 28. Bc2 Nc7 29. Rd1 Ne6 30. Rd7 g5 31. hxg5 hxg5 32. Rxe7 Nd4 33. Nxg5 Nxc2 34. Rxa7 Re8 35. Rb7 Nb4 36. Rxb6 Nxa2 37. Kg2 Nc3 38. Kf3 Rc8 39. Rb7 Nd5 40. Ke4 Nc3+ 41. Kf5 Ne2 42. Kg4 Kg8 43. Rb3 Bf8 44. Ne4 Be7 45. Rb7 Kf8 46. Rb2 Nd4 47. Rd2 Rc4 48. Ra2 Rb4 49. Ra8+ Kf7 50. Ra6 Ne2 51. Kf3 Nd4+ 52. Ke3 Nf5+ 53. Kf3 Nd4+ 54. Kg4 Ne2 55. Kf3 Nd4+ 56. Kg4 Ne2 57. Nd2 Rd4 58. Nf3 Rd3 59. Ra7 Ke8 60. Ra2 Nc3 61. Ra8+ Kf7 62. Ra7 Kf8 63. f5 Nd5 64. Ra8+ Kf7 65. f6 Bxf6 66. exf6 Nxf6+ 67. Kf4 Nd5+ 68. Kg4 Nf6+ 69. Kf4 Nd5+ 70. Ke4 Re3+ 71. Kxd5 Rxf3 72. g4 Rf4 1/2-1/2